[Event "Titled Tuesday intern op 12th Mar Late"]
[Site "Chess.com INT"]
[Date "2024.03.12"]
[Round "9"]
[White "Lysyj, Igor"]
[Black "Galchenko, Vadim"]
[Result "0-1"]
[WhiteElo "2589"]
[BlackElo "2189"]
[PlyCount "46"]
[EventDate "2024.03.12"]
[EventType "swiss (blitz)"]
[EventRounds "11"]
[EventCountry "USA"]
[SourceTitle "CB12_2024"]
[SourceDate "2023.10.01"]
[SourceVersion "1"]
[SourceVersionDate "2023.10.01"]
[SourceQuality "1"]

1. d4 d5 2. c4 Nc6 3. Nf3 Bg4 4. Bg5 h6 5. Bh4 Qd7 6. Nc3 e6 7. e3 Bb4 8. Qb3 Nge7 9. Bxe7 Qxe7 10. cxd5 exd5 11. Qxd5 Rd8 12. Qb5 0-0 13. Be2 Bxf3 14. gxf3 Rfe8 15. Rd1 Qh4 16. a3 Bxc3+ 17. bxc3 Rxe3 18. 0-0 Re6 19. Kh1 Ne7 20. Bd3 Qh3 21. Be4 Rxe4 22. fxe4 Qf3+ 23. Kg1 Rd6 0-1

[Event "Titled Tuesday intern op 13th Feb Early"]
[Site "Chess.com INT"]
[Date "2024.02.13"]
[Round "3"]
[White "Lysyj, Igor"]
[Black "Mitra, Roman"]
[Result "1-0"]
[WhiteElo "2589"]
[BlackElo "2174"]
[PlyCount "65"]
[EventDate "2024.02.13"]
[EventType "swiss (blitz)"]
[EventRounds "11"]
[EventCountry "USA"]
[SourceTitle "CB08_2024"]
[SourceDate "2024.02.21"]
[SourceVersion "1"]
[SourceVersionDate "2024.02.21"]
[SourceQuality "1"]

1. d4 Nf6 2. c4 e6 3. Nf3 b6 4. a3 Bb7 5. Nc3 Ne4 6. Nxe4 Bxe4 7. e3 Be7 8. Bd2 0-0 9. Bc3 d6 10. Bd3 Bxd3 11. Qxd3 Bf6 12. 0-0 Qe7 13. e4 e5 14. d5 a5 15. b4 axb4 16. axb4 Nd7 17. Nd2 Bg5 18. Nb3 f5 19. exf5 e4 20. Qe2 Rxa1 21. Bxa1 Rxf5 22. Nd4 Rf7 23. Ne6 e3 24. f4 Bf6 25. Qxe3 Bxa1 26. Rxa1 Nf8 27. Ra8 h6 28. Qe4 Qf6 29. h3 g6 30. Re8 Re7 31. Rxf8+ Qxf8 32. Qxg6+ Kh8 33. Nxf8 1-0

[Event "Titled Tuesday intern op 06th Feb Late"]
[Site "Chess.com INT"]
[Date "2024.02.06"]
[Round "2"]
[White "Lysyj, Igor"]
[Black "Vovk, Orest"]
[Result "1-0"]
[WhiteElo "2589"]
[BlackElo "2315"]
[PlyCount "77"]
[EventDate "2024.02.06"]
[EventType "swiss (blitz)"]
[EventRounds "11"]
[EventCountry "USA"]
[SourceTitle "CB07_2024"]
[SourceDate "2024.02.14"]
[SourceVersion "1"]
[SourceVersionDate "2024.02.14"]
[SourceQuality "1"]

1. d4 h6 2. c4 g5 3. Nc3 Bg7 4. e4 c5 5. d5 Bxc3+ 6. bxc3 d6 7. h4 Qa5 8. Bd2 g4 9. Ne2 Nf6 10. Ng3 Nbd7 11. Be2 Ne5 12. h5 Bd7 13. Qc1 Qa4 14. Bxh6 Nxc4 15. Bg7 0-0-0 16. h6 Ne5 17. Bxh8 Rxh8 18. c4 b5 19. cxb5 Nxe4 20. Qe3 Qb4+ 21. Kf1 Nxg3+ 22. fxg3 Bxb5 23. Bxb5 Qxb5+ 24. Kg1 Qb2 25. Rf1 f6 26. Rh5 Qxa2 27. Qe4 c4 28. h7 c3 29. Rxe5 fxe5 30. Qxg4+ Kc7 31. Qg7 Rxh7 32. Qxh7 Qxd5 33. Qxe7+ Kb6 34. Rb1+ Kc5 35. Qxa7+ Kc4 36. Qa2+ Kc5 37. Rb5+ Kxb5 38. Qxd5+ Kb4 39. Qxd6+ 1-0

[Event "Titled Tuesday intern op 06th Feb Late"]
[Site "Chess.com INT"]
[Date "2024.02.06"]
[Round "11"]
[White "Soto Vega, Jorge"]
[Black "Lysyj, Igor"]
[Result "0-1"]
[WhiteElo "2354"]
[BlackElo "2589"]
[PlyCount "172"]
[EventDate "2024.02.06"]
[EventType "swiss (blitz)"]
[EventRounds "11"]
[EventCountry "USA"]
[SourceTitle "CB07_2024"]
[SourceDate "2024.02.14"]
[SourceVersion "1"]
[SourceVersionDate "2024.02.14"]
[SourceQuality "1"]

1. e4 e5 2. Nf3 Nc6 3. Bc4 Bc5 4. 0-0 Nf6 5. d3 d6 6. Be3 Bxe3 7. fxe3 0-0 8. Qe1 Ne7 9. Nh4 Be6 10. Bb3 Qd7 11. Nc3 a5 12. Qg3 Kh8 13. d4 Bxb3 14. axb3 Qg4 15. Qxg4 Nxg4 16. Rae1 c6 17. h3 Nf6 18. g4 b5 19. g5 Nd7 20. Rd1 Nb6 21. Nf3 exd4 22. exd4 f6 23. h4 d5 24. e5 Nf5 25. Rfe1 fxg5 26. hxg5 b4 27. Nb1 a4 28. bxa4 Nxa4 29. b3 Nb6 30. c3 bxc3 31. Nxc3 Kg8 32. Rd2 Nc8 33. Na4 Nce7 34. Kg2 Ng6 35. Kh2 Nf4 36. Nc5 Rae8 37. Ra1 Ne6 38. Nxe6 Rxe6 39. Ra7 Ne7 40. Kg3 h6 41. Kg4 Rg6 42. Rxe7 Rb8 43. Rd3 Kh7 44. Rc3 Rf8 45. Re3 Rb8 46. Rd7 Re8 47. Rc7 Rge6 48. Rd7 Rf8 49. Nh4 hxg5 50. Kxg5 Rf1 51. Rg3 Rh6 52. Kg4 Rh1 53. Rxg7+ Kxg7 54. Nf5+ Kf7 55. Nxh6+ Rxh6 56. Rf3+ Ke7 57. Kg5 Rh2 58. Rc3 Kd7 59. Kf6 Rf2+ 60. Kg7 Rf4 61. e6+ Kd6 62. e7 Kxe7 63. Rxc6 Rxd4 64. Rc1 Rg4+ 65. Kh6 Kd6 66. Kh5 Rg3 67. b4 Rb3 68. Kg5 Rxb4 69. Kf5 Re4 70. Rc8 Re1 71. Kf4 d4 72. Kf3 Kd5 73. Kf2 Re7 74. Rc1 d3 75. Rc8 Kd4 76. Kf1 d2 77. Rd8+ Kc3 78. Rc8+ Kd3 79. Rd8+ Kc2 80. Rc8+ Kd1 81. Rd8 Rf7+ 82. Kg2 Rc7 83. Kf2 Kc1 84. Ke2 Re7+ 85. Kf3 d1Q+ 86. Rxd1+ Kxd1 0-1

[Event "Chessable Play In Match D2"]
[Site "Chess.com INT"]
[Date "2024.02.01"]
[Round "2.1"]
[White "Aronian, Levon"]
[Black "Lysyj, Igor"]
[Result "1-0"]
[WhiteElo "2725"]
[BlackElo "2589"]
[PlyCount "127"]
[EventDate "2024.02.01"]
[EventType "k.o. (rapid)"]
[EventRounds "2"]
[EventCountry "USA"]
[SourceTitle "CB06_2024"]
[SourceDate "2024.02.07"]
[SourceVersion "1"]
[SourceVersionDate "2024.02.07"]
[SourceQuality "1"]

1. e4 e5 2. Nf3 Nc6 3. Bc4 Bc5 4. d3 Nf6 5. a4 d6 6. a5 a6 7. c3 Ba7 8. 0-0 0-0 9. Be3 Bxe3 10. fxe3 Ne7 11. Nbd2 Ng6 12. b4 b5 13. axb6 cxb6 14. d4 Bb7 15. d5 Qc7 16. Rc1 a5 17. Bd3 Rfb8 18. h3 Bc8 19. Kh2 Bd7 20. Qe2 Qd8 21. Nc4 Be8 22. Nfd2 Rc8 23. Ra1 h6 24. Rfb1 a4 25. Rc1 Qc7 26. Na3 Qd8 27. Bb5 Ne7 28. c4 Bd7 29. Rf1 Ng6 30. Qd1 Nf8 31. Bxd7 Qxd7 32. Nb5 N8h7 33. Rxa4 Rxa4 34. Qxa4 Ng5 35. Nc3 Qxa4 36. Nxa4 Ngxe4 37. Nxe4 Nxe4 38. Rc1 Rb8 39. g4 b5 40. Nc3 Nxc3 41. Rxc3 bxc4 42. Rxc4 g6 43. Kg3 f5 44. gxf5 gxf5 45. Kf3 Kg7 46. Rc7+ Kg6 47. Rc6 Rxb4 48. Rxd6+ Kg5 49. Re6 Rh4 50. Rxe5 Rxh3+ 51. Kg2 Rh4 52. d6 Ra4 53. Rd5 Ra8 54. e4 Kf4 55. d7 Rd8 56. e5 Kg5 57. Kf3 Kg6 58. Kf4 Kf7 59. Kxf5 Ke7 60. e6 h5 61. Rd4 Rh8 62. Kg6 h4 63. d8Q+ Rxd8 64. Rxd8 1-0

[Event "Chessable Masters Play In"]
[Site "Chess.com INT"]
[Date "2024.01.31"]
[Round "1"]
[White "Lysyj, Igor"]
[Black "Cuenca Jimenez, Jose Fernando"]
[Result "1-0"]
[WhiteElo "2589"]
[BlackElo "2514"]
[PlyCount "145"]
[EventDate "2024.01.31"]
[EventType "swiss (rapid)"]
[EventRounds "9"]
[EventCountry "USA"]
[SourceTitle "CB06_2024"]
[SourceDate "2024.02.07"]
[SourceVersion "1"]
[SourceVersionDate "2024.02.07"]
[SourceQuality "1"]

1. d4 d5 2. c4 e6 3. Nf3 Nf6 4. g3 Bb4+ 5. Bd2 Be7 6. Bg2 0-0 7. 0-0 c6 8. Qc2 Nbd7 9. Rd1 a5 10. Be1 Ne4 11. Nc3 f5 12. e3 Bd6 13. a3 Qf6 14. Ne2 g5 15. b4 axb4 16. Bxb4 Qe7 17. cxd5 exd5 18. Bxd6 Qxd6 19. Qb2 b5 20. Ne5 Nb6 21. Qb4 Bb7 22. Bxe4 Qxb4 23. Bxd5+ Nxd5 24. axb4 Nxb4 25. Nd7 Rxa1 26. Rxa1 Ra8 27. Rxa8+ Bxa8 28. Nc5 Nd5 29. h3 Kf7 30. g4 fxg4 31. hxg4 Nf6 32. f3 Ke7 33. Nc1 Kd6 34. e4 Kc7 35. Kf2 h6 36. N1d3 Bb7 37. Ne5 Bc8 38. Ke3 Kb6 39. Nf7 Ng8 40. e5 Kc7 41. Ke4 b4 42. Kd3 Bd7 43. Kc4 Be8 44. Nd6 Bg6 45. Kxb4 Ne7 46. Kc3 Nd5+ 47. Kd2 Nf4 48. Nde4 Kd8 49. Nf6 Bf7 50. Ke3 Ke7 51. Nce4 Ng2+ 52. Kf2 Nf4 53. Ng3 Be6 54. Nf5+ Bxf5 55. gxf5 Kf7 56. Ne4 Nd5 57. Kg3 Ne3 58. Nd6+ Kf8 59. f4 gxf4+ 60. Kxf4 Nd5+ 61. Kg4 Ne3+ 62. Kh5 Nc2 63. Kxh6 Nxd4 64. Kg5 Ke7 65. Ne4 Nf3+ 66. Kf4 Nd4 67. Nc5 Nb5 68. Kg5 Nd4 69. Kg6 Nf3 70. f6+ Kf8 71. e6 Ne5+ 72. Kf5 Nf3 73. Nd7+ 1-0

[Event "Chessable Masters Play In"]
[Site "Chess.com INT"]
[Date "2024.01.31"]
[Round "8"]
[White "Lysyj, Igor"]
[Black "Le, Tuan Minh"]
[Result "1-0"]
[WhiteElo "2589"]
[BlackElo "2567"]
[PlyCount "83"]
[EventDate "2024.01.31"]
[EventType "swiss (rapid)"]
[EventRounds "9"]
[EventCountry "USA"]
[SourceTitle "CB06_2024"]
[SourceDate "2024.02.07"]
[SourceVersion "1"]
[SourceVersionDate "2024.02.07"]
[SourceQuality "1"]

1. d4 d5 2. c4 e6 3. Nf3 a6 4. cxd5 exd5 5. Nc3 h6 6. Bf4 Nf6 7. e3 Bd6 8. Be5 c6 9. h3 Qe7 10. Bd3 Nbd7 11. Bxd6 Qxd6 12. 0-0 0-0 13. Qc2 Re8 14. Rab1 a5 15. a3 Qe7 16. b4 axb4 17. axb4 b5 18. Rfe1 Ne4 19. Nd2 Ndf6 20. Bxe4 dxe4 21. Ne2 Be6 22. Ng3 Bd5 23. Qc3 Ra4 24. Ne2 Rea8 25. Nf4 R8a6 26. Rec1 Ra3 27. Qc5 Qxc5 28. Rxc5 Ra1 29. Rxa1 Rxa1+ 30. Kh2 Ra2 31. Nxd5 Nxd5 32. Nxe4 Nxb4 33. g4 Kf8 34. Kg3 Ke7 35. d5 Rc2 36. Rxc2 Nxc2 37. dxc6 b4 38. Kf3 b3 39. c7 b2 40. c8Q Ne1+ 41. Ke2 b1Q 42. Qc7+ 1-0

[Event "Titled Tuesday intern op 23rd Jan Late"]
[Site "Chess.com INT"]
[Date "2024.01.23"]
[Round "3"]
[White "Lysyj, Igor"]
[Black "Yurovskich, Oleksandr"]
[Result "1-0"]
[WhiteElo "2589"]
[BlackElo "2328"]
[PlyCount "41"]
[EventDate "2024.01.23"]
[EventType "swiss (blitz)"]
[EventRounds "11"]
[EventCountry "USA"]
[SourceTitle "CB05_2024"]
[SourceDate "2024.01.31"]
[SourceVersion "1"]
[SourceVersionDate "2024.01.31"]
[SourceQuality "1"]

1. d4 d5 2. c4 e6 3. Nf3 Nf6 4. g3 Bb4+ 5. Bd2 Be7 6. Bg2 0-0 7. 0-0 c6 8. Qc2 Nbd7 9. Rd1 b6 10. Bc3 Bb7 11. Nbd2 c5 12. dxc5 Nxc5 13. Ng5 h6 14. Bxf6 hxg5 15. Bd4 Rc8 16. Nf1 Rc7 17. Ne3 Qa8 18. cxd5 exd5 19. Qf5 Rd8 20. Qe5 Rcd7 21. Qxg7# 1-0

[Event "Titled Tuesday intern op 16th Jan Late"]
[Site "Chess.com INT"]
[Date "2024.01.16"]
[Round "6"]
[White "Lysyj, Igor"]
[Black "Ambartsumova, Karina"]
[Result "1-0"]
[WhiteElo "2589"]
[BlackElo "2418"]
[PlyCount "111"]
[EventDate "2024.01.16"]
[EventType "swiss (blitz)"]
[EventRounds "11"]
[EventCountry "USA"]
[SourceTitle "CB04_2024"]
[SourceDate "2023.10.16"]
[SourceVersion "1"]
[SourceVersionDate "2023.10.16"]
[SourceQuality "1"]

1. d4 Nf6 2. c4 e6 3. Nf3 d5 4. g3 dxc4 5. Bg2 Nc6 6. Qa4 Bb4+ 7. Bd2 Bd6 8. Na3 Bxa3 9. Qxa3 Qd6 10. Rc1 0-0 11. Rxc4 Qxa3 12. bxa3 Nd5 13. 0-0 Bd7 14. e3 Rfc8 15. Rb1 Rab8 16. Ne1 Nb6 17. Rc5 Na4 18. Rcc1 e5 19. dxe5 Re8 20. f4 f6 21. exf6 gxf6 22. Kf2 Bf5 23. Rb5 Bd7 24. Rb3 Be6 25. Rd3 Bxa2 26. Bxc6 bxc6 27. Rxc6 Re7 28. Bb4 Rf7 29. Nf3 Nb6 30. Rd4 Bd5 31. Rxb6 cxb6 32. Rxd5 a5 33. Bd2 Rc8 34. Nd4 Rfc7 35. Rd6 b5 36. Bxa5 Ra7 37. Bb4 Rb7 38. Rxf6 Rc1 39. Rc6 Rh1 40. Kg2 Rb1 41. Nf5 h5 42. Rg6+ Kh7 43. Rg5 Rb2+ 44. Kh3 Rc7 45. Rxh5+ Kg6 46. Rg5+ Kf6 47. e4 Rcc2 48. e5+ Kf7 49. Rg7+ Ke8 50. Nd6+ Kf8 51. Rf7+ Kg8 52. Kg4 Rxh2 53. e6 Rbe2 54. e7 Rh6 55. Rf8+ Kg7 56. Nf5+ 1-0

[Event "Titled Tuesday intern op 09th Jan Early"]
[Site "Chess.com INT"]
[Date "2024.01.09"]
[Round "11"]
[White "Lysyj, Igor"]
[Black "Lu, Shanglei"]
[Result "1/2-1/2"]
[WhiteElo "2589"]
[BlackElo "2611"]
[PlyCount "184"]
[EventDate "2024.01.09"]
[EventType "swiss (blitz)"]
[EventRounds "11"]
[EventCountry "USA"]
[SourceTitle "CB03_2024"]
[SourceDate "2024.01.17"]
[SourceVersion "1"]
[SourceVersionDate "2024.01.17"]
[SourceQuality "1"]

1. d4 Nf6 2. c4 e6 3. Nf3 d5 4. g3 dxc4 5. Bg2 c5 6. 0-0 Nc6 7. dxc5 Qxd1 8. Rxd1 Bxc5 9. Nbd2 c3 10. bxc3 0-0 11. Nb3 Be7 12. Nfd4 Nxd4 13. cxd4 Nd5 14. Na5 Bb4 15. Nc4 Bd7 16. Bd2 Nc3 17. Bxc3 Bxc3 18. Rac1 Bb4 19. Bxb7 Rab8 20. Bf3 Rfd8 21. Ne5 Ba4 22. Nc6 Bxd1 23. Rxd1 Kf8 24. Nxb8 Rxb8 25. Rc1 Bd6 26. e3 Rb2 27. Rc6 Ke7 28. Ra6 Bb8 29. d5 exd5 30. Bxd5 Rb6 31. Ra4 h6 32. Re4+ Kf8 33. Bb3 Rd6 34. Kg2 Bc7 35. Rc4 Bb6 36. Rc2 Ke7 37. h4 Ba5 38. Rc5 Bb6 39. Rf5 Rf6 40. Re5+ Kf8 41. g4 Rd6 42. Rf5 Rf6 43. Rd5 Ke7 44. g5 hxg5 45. hxg5 Rc6 46. Re5+ Kf8 47. Rf5 f6 48. g6 Rc5 49. Bd5 Ke7 50. Kg3 Bc7+ 51. Kg4 Be5 52. Bb3 Bd6 53. Bd5 Be5 54. e4 Rc1 55. f4 Rg1+ 56. Kf3 Rf1+ 57. Ke3 Bb2 58. Ke2 Rg1 59. Bf7 Bc1 60. Ra5 Bxf4 61. Rxa7+ Kd6 62. Ra6+ Ke5 63. Ra4 Rc1 64. Kf3 Bh6 65. Ra5+ Kd6 66. Rd5+ Kc6 67. a4 Rc3+ 68. Kf2 Rc5 69. Rd3 Rc2+ 70. Kf1 Kb6 71. Rh3 Rc1+ 72. Ke2 Rc2+ 73. Kd1 Rc1+ 74. Ke2 Rc2+ 75. Kd3 Rd2+ 76. Kc3 Bf4 77. Rh7 Rd8 78. Rxg7 f5 79. Rh7 fxe4 80. g7 Be5+ 81. Kb3 Rd3+ 82. Kc2 Bxg7 83. Rxg7 Rd7 84. Rg6+ Ka5 85. Bb3 Kb4 86. Rb6+ Ka3 87. Rb5 e3 88. Re5 Rc7+ 89. Kd3 Kxb3 90. Rxe3 Rc3+ 91. Kd4 Rxe3 92. Kxe3 Kxa4 1/2-1/2

[Event "Wch Rapid"]
[Site "Samarkand"]
[Date "2023.12.26"]
[Round "3"]
[White "Cheparinov, Ivan"]
[Black "Lysyj, Igor"]
[Result "1-0"]
[WhiteElo "2663"]
[BlackElo "2589"]
[PlyCount "129"]
[EventDate "2023.12.26"]
[EventType "swiss (rapid)"]
[EventRounds "13"]
[EventCountry "UZB"]
[SourceTitle "CB01_2024"]
[SourceDate "2024.01.03"]
[SourceVersion "1"]
[SourceVersionDate "2024.01.03"]
[SourceQuality "1"]

1. e4 e5 2. Nf3 Nc6 3. Bb5 a6 4. Ba4 Nf6 5. 0-0 Nxe4 6. d4 b5 7. Bb3 d5 8. dxe5 Be6 9. Qe2 Nc5 10. Rd1 Nxb3 11. cxb3 Be7 12. Nc3 0-0 13. Be3 Qd7 14. Rd2 Rad8 15. Rad1 Qc8 16. h3 h6 17. Bf4 Rfe8 18. Nxd5 Bxd5 19. Rxd5 Rxd5 20. Rxd5 Nb4 21. Rd4 Nxa2 22. e6 Bf6 23. exf7+ Kxf7 24. Ne5+ Kg8 25. Re4 Qf5 26. Qe3 Bxe5 27. Bxe5 Nb4 28. f3 Nd5 29. Qd4 Qf7 30. Rg4 c5 31. Rxg7+ Qxg7 32. Qxd5+ Qf7 33. Qxc5 Qxb3 34. f4 Qf7 35. Kh2 Re6 36. Qc8+ Qe8 37. Qc7 Qf7 38. Qd8+ Qe8 39. Qd5 Qc6 40. Qd3 Qe8 41. Qe4 a5 42. Qd5 Kh7 43. Qb7+ Re7 44. Qe4+ Qg6 45. Qd5 Qe8 46. Bf6 Qd7 47. Qa8 Qf5 48. Bxe7 Qxf4+ 49. g3 Qe5 50. Bf8 Qxb2+ 51. Qg2 Qf6 52. Qe4+ Kg8 53. Bc5 Qb2+ 54. Qg2 Qe5 55. Qf2 b4 56. Qf8+ Kh7 57. Qf7+ Qg7 58. Qxg7+ Kxg7 59. Kg2 Kf6 60. Kf3 Ke5 61. Ke3 Kd5 62. Bf8 h5 63. Kd3 b3 64. Bg7 a4 65. Bb2 1-0

[Event "Titled Tuesday intern op 12th Dec Early"]
[Site "Chess.com INT"]
[Date "2023.12.12"]
[Round "11"]
[White "Kovalev, Denis"]
[Black "Lysyj, Igor"]
[Result "1/2-1/2"]
[WhiteElo "2487"]
[BlackElo "2589"]
[PlyCount "112"]
[EventDate "2023.12.12"]
[EventType "swiss (blitz)"]
[EventRounds "11"]
[EventCountry "USA"]
[SourceTitle "CB51_2023"]
[SourceDate "2023.12.20"]
[SourceVersion "1"]
[SourceVersionDate "2023.12.20"]
[SourceQuality "1"]

1. Nf3 d5 2. c4 e6 3. g3 Nf6 4. Bg2 Be7 5. 0-0 0-0 6. d4 dxc4 7. Ne5 Nc6 8. Bxc6 bxc6 9. Nxc6 Qe8 10. Nxe7+ Qxe7 11. Qc2 c5 12. Qxc4 cxd4 13. Qxd4 e5 14. Qh4 h6 15. Nc3 Qe6 16. Be3 Ba6 17. Rfd1 Qc6 18. Qa4 Qxa4 19. Nxa4 Bxe2 20. Rd6 Ne4 21. Rd5 f6 22. Nc5 Nxc5 23. Bxc5 Rfc8 24. b4 a5 25. h3 axb4 26. Bxb4 Rc4 27. Bd2 h5 28. f4 exf4 29. Bxf4 h4 30. Rd2 Bh5 31. Kh2 Ra3 32. Rg1 g5 33. Bd6 hxg3+ 34. Rxg3 Rxg3 35. Bxg3 Bf3 36. Rf2 Rc3 37. a4 Kg7 38. a5 Ba8 39. Ra2 Rc1 40. Bf2 f5 41. Ra1 Rc2 42. Kg1 f4 43. a6 Kg6 44. a7 Kh5 45. Rd1 Ra2 46. Rc1 Bf3 47. Bd4 g4 48. hxg4+ Kxg4 49. Rc8 Be4 50. Re8 Kf3 51. Rf8 Ra4 52. Be5 Rxa7 53. Rxf4+ Ke3 54. Rf8 Ra2 55. Bf4+ Kd3 56. Be5 Ke3 1/2-1/2

[Event "Titled Tuesday intern op 12th Dec Early"]
[Site "Chess.com INT"]
[Date "2023.12.12"]
[Round "3"]
[White "Lysyj, Igor"]
[Black "Federzoni, Enzo"]
[Result "1-0"]
[WhiteElo "2589"]
[BlackElo "2170"]
[PlyCount "53"]
[EventDate "2023.12.12"]
[EventType "swiss (blitz)"]
[EventRounds "11"]
[EventCountry "USA"]
[SourceTitle "CB51_2023"]
[SourceDate "2023.12.20"]
[SourceVersion "1"]
[SourceVersionDate "2023.12.20"]
[SourceQuality "1"]

1. d4 d5 2. c4 e6 3. Nf3 Nf6 4. g3 Bb4+ 5. Bd2 Be7 6. Bg2 0-0 7. 0-0 c6 8. Qc2 Nbd7 9. Rd1 b6 10. Bc3 dxc4 11. Ne5 Bb7 12. Nxc6 Bxc6 13. Bxc6 Rc8 14. Bg2 Nd5 15. Bd2 Qc7 16. a3 b5 17. e4 N5b6 18. Ba5 Rfd8 19. Nc3 a6 20. e5 Nb8 21. d5 Bc5 22. d6 Qd7 23. Ne4 Na4 24. Bxd8 Rxd8 25. Ng5 g6 26. Ne4 Kg7 27. b3 1-0